Makrosprache : Arbeitsheft.

Enregistré dans:
Détails bibliographiques
Auteur principal: Schwarzhuber, M. (Auteur)
Format: Livre
Langue:allemand
Publié: Berlin : Siemens, 1971
Tags: Ajouter un tag
Pas de tags, Soyez le premier à ajouter un tag!

MARC

LEADER 00000nam a22000003a 4500
001 stu87192
005 20150617225629.1
008 040526s1971------------------------ger-d
040 |a STU  |b slo 
041 0 |a ger 
100 1 |a Schwarzhuber, M.  |4 aut 
245 1 |a Makrosprache :  |b Arbeitsheft. 
260 |a Berlin :  |b Siemens,  |c 1971 
996 |c I*3S2752  |l I  |s A  |a 24  |w stu87192_0001